Problémák a törvényes zálogjog körül

Elmentve itt :
Bibliográfiai részletek
Szerző: Rakorszky Menyhért
Dokumentumtípus: Cikk
Megjelent: 1927
Sorozat:Polgári jog : a hazai és külföldi magánjog és hiteljog szemléje 3
Kulcsszavak:Zálogjog magyar
Online Access:http://misc.bibl.u-szeged.hu/4480
LEADER 00619nab a2200169 i 4500
001 misc4480
005 20191106143004.0
008 170607s1927 hu o 0|| hun d
040 |a SZTE Miscellanea Repozitórium  |b hun 
041 |a hun 
100 1 |a Rakorszky Menyhért 
245 1 0 |a Problémák a törvényes zálogjog körül  |h [elektronikus dokumentum] /  |c  Rakorszky Menyhért 
260 |c 1927 
300 |a 54-59a 
490 0 |a Polgári jog : a hazai és külföldi magánjog és hiteljog szemléje  |v 3 
695 |a Zálogjog magyar 
856 4 0 |u http://misc.bibl.u-szeged.hu/4480/1/polgari_jog_1927_054-059a.pdf  |z Dokumentum-elérés